01927nam a2200289Ia 4500001000600000003000900006008004100015040001300056040001300069041001300082100002400095100002900119240002800148240003500176245002700211245002700238250001100265260001200276260002900288260004900317300004300366500110600409650003201515650003101547700003001578700002901608F1080IT-RoPAU130308s9999 xx 000 0 und d aIT-RoPAU cIT-RoPAU aITALIANO aSchokel Luis Alonso gCodice Aut. SPICS: 50330 aAPUNTES DE HERMENEUTICA gCodice Tit. Orig. Spics: T3127 aAppunti di ermeneutica bAppunti di Ermeneutica a1a ed. aBOLOGNA bEDB - Edizioni Dehoniane c1994 [1° Ed.:1994 - Ed.Ling.Originale:1994] a"192 p. (prefazione: no ; testo: 192)" aErmeneutica: Teoria della Comprensione Interpretazione. Ispirazione, Linguaggio ed Ermeneutica: ispirazione in Chiave di giudizio e in Chiave di Linguaggio, da Un'Ermeneutica dell'Autore a Un'Ermeneutica del testo , Limiti dell'Ermeneutica dell'Autore, Metodo Storico Critico. Ermeneutica del testo : Linea Autore Opera Ricevente: Oggetto dell'Interpretazione?, Direzione del Movimento Sulla Linea Autore Opera Ricevente. Linea Autore Tema Ricevente: Orizzonte Come Elemento Gnoseologico, Domanda, Immaginazione, Appropriazione. Linguaggio: Lingua, Linguaggio Come Stilizzazione, Lingua tra Autore e Lettore, Lingua e Tema, Linguaggio Scientifico e Letterario, Illocuzione, Simbolo. testo : Opera Letteraria, Semantica e Semiotica, Verità della Letteratura e della Lirica, Verità Logica e Ontologica, Tradizione del testo , Crescita di Significato. Esegeta nella Societa': Sociologia del Sapere nella nostra Disciplina, Professore nella Società, Scrivere Pubblicare e Leggere, Esegesi Biblica e Società. Interpretazione Normativa: Distinzioni, Giudaismo, Islam, Chiesa Cattolica. Bibliografia. aSTUDI/COMMENTI SULLA BIBBIA eCodice materia Spics: 9052 aBravo Aragon José Maria gCodice Aut. SPICS: 50331